[Event "Titled Tuesday intern op 22nd Nov Early"]
[Site "Chess.com INT"]
[Date "2022.11.22"]
[Round "11"]
[White "Aizpurua, Patrick Emilio"]
[Black "Stijve, Theo"]
[Result "1-0"]
[WhiteElo "2311"]
[BlackElo "2363"]
[PlyCount "53"]
[EventDate "2022.11.22"]
[EventType "swiss (blitz)"]
[EventRounds "11"]
[EventCountry "USA"]
[SourceTitle "CBM 211 Extra"]
[Source "ChessBase"]
[SourceDate "2023.01.31"]
[SourceVersion "1"]
[SourceVersionDate "2023.01.31"]
[SourceQuality "1"]

1. d4 Nf6 2. Nf3 d5 3. c4 e6 4. g3 Be7 5. Bg2 0-0 6. 0-0 dxc4 7. Qc2 a6 8. a4 Bd7 9. Qxc4 Bc6 10. Bf4 Nbd7 11. Nc3 Nb6 12. Qb3 Nbd5 13. Rae1 Nxf4 14. gxf4 Ne4 15. e3 b5 16. axb5 axb5 17. Nxe4 Bxe4 18. Qxb5 Rb8 19. Qe2 Qd5 20. Rc1 Rb3 21. Rxc7 Bd6 22. Rc3 Rfb8 23. Rxb3 Rxb3 24. Rc1 h6 25. Rc8+ Kh7 26. Ng5+ hxg5 27. Qh5# 1-0

[Event "Titled Tuesday intern op 22nd Nov Early"]
[Site "Chess.com INT"]
[Date "2022.11.22"]
[Round "10"]
[White "Erdogdu, Mert"]
[Black "Aizpurua, Patrick Emilio"]
[Result "1-0"]
[WhiteElo "2413"]
[BlackElo "2311"]
[PlyCount "63"]
[EventDate "2022.11.22"]
[EventType "swiss (blitz)"]
[EventRounds "11"]
[EventCountry "USA"]
[SourceTitle "CBM 211 Extra"]
[Source "ChessBase"]
[SourceDate "2023.01.31"]
[SourceVersion "1"]
[SourceVersionDate "2023.01.31"]
[SourceQuality "1"]

1. e4 e5 2. Nf3 Nc6 3. Bc4 Bc5 4. d3 Nf6 5. 0-0 d6 6. c3 h6 7. a4 a6 8. Nbd2 0-0 9. h3 Ba7 10. b4 Be6 11. Bxe6 fxe6 12. Nb3 Ne7 13. Be3 Ng6 14. c4 Qe8 15. c5 d5 16. Qc2 Nh5 17. Nh2 Nhf4 18. d4 exd4 19. Nxd4 c6 20. exd5 exd5 21. Rae1 Qd7 22. Ng4 h5 23. Bxf4 hxg4 24. Qxg6 Rxf4 25. Ne6 Rxb4 26. Ng5 Re4 27. Qh7+ Kf8 28. Nxe4 dxe4 29. Rxe4 Re8 30. Qh8+ Kf7 31. Rf4+ Kg6 32. Rxg4+ 1-0

[Event "Titled Tuesday intern op 08th Nov Early"]
[Site "Chess.com INT"]
[Date "2022.11.08"]
[Round "3"]
[White "Zaksaite, Salomeja"]
[Black "Aizpurua, Patrick Emilio"]
[Result "1-0"]
[WhiteElo "2194"]
[BlackElo "2311"]
[PlyCount "53"]
[EventDate "2022.11.08"]
[EventType "swiss (blitz)"]
[EventRounds "11"]
[EventCountry "USA"]
[SourceTitle "EXT 2024"]
[Source "ChessBase"]
[SourceDate "2023.10.10"]
[SourceVersion "1"]
[SourceVersionDate "2023.10.10"]
[SourceQuality "1"]

1. e4 e6 2. d4 d5 3. Bd3 Nf6 4. e5 Nfd7 5. c3 c5 6. Ne2 Be7 7. 0-0 Nc6 8. Nd2 cxd4 9. cxd4 0-0 10. f4 Qb6 11. Nf3 f6 12. Qc2 fxe5 13. Bxh7+ Kh8 14. fxe5 Ndxe5 15. Nxe5 Nxe5 16. Rxf8+ Bxf8 17. Bf4 Nd7 18. Rf1 Nf6 19. Bg6 Bd7 20. Be5 Be7 21. Qd3 Rc8 22. Qh3+ Kg8 23. Bxf6 Bxf6 24. Qh7+ Kf8 25. Rxf6+ Ke7 26. Qxg7+ Kd6 27. Rf7 1-0

[Event "Titled Tuesday intern op 01st Nov Late"]
[Site "Chess.com INT"]
[Date "2022.11.01"]
[Round "9"]
[White "Afonasieva, Anna"]
[Black "Aizpurua, Patrick Emilio"]
[Result "0-1"]
[WhiteElo "2147"]
[BlackElo "2311"]
[PlyCount "82"]
[EventDate "2022.11.01"]
[EventType "swiss (blitz)"]
[EventRounds "11"]
[EventCountry "USA"]
[SourceTitle "EXT 2024"]
[Source "ChessBase"]
[SourceDate "2023.10.10"]
[SourceVersion "1"]
[SourceVersionDate "2023.10.10"]
[SourceQuality "1"]

1. Nf3 Nf6 2. g3 d5 3. Bg2 e6 4. 0-0 Be7 5. d3 0-0 6. Nbd2 b6 7. e4 Bb7 8. Qe2 c5 9. c3 Nc6 10. e5 Nd7 11. d4 a5 12. a4 Ba6 13. c4 cxd4 14. b3 Nc5 15. Bb2 dxc4 16. bxc4 Rc8 17. Rfd1 d3 18. Qe3 Nb4 19. Nd4 Qd7 20. Bc3 Rfd8 21. Ne4 Nxe4 22. Bxe4 Rxc4 23. Bxb4 Rxd4 24. Bxe7 Qxe7 25. Rac1 g6 26. Rc6 Bb7 27. Rd6 Rxe4 28. Qxb6 Rxd6 29. exd6 Qd7 30. Rb1 d2 31. Qxa5 Qc6 32. f3 Qc1+ 33. Kf2 Qxb1 34. Qxd2 Qb6+ 35. Kg2 Rd4 36. Qc3 Qxd6 37. a5 Rd3 38. Qc4 Bxf3+ 39. Kh3 Qd4 40. Qc8+ Kg7 41. g4 Qxg4# 0-1

[Event "Titled Tuesday intern op 01st Nov Early"]
[Site "Chess.com INT"]
[Date "2022.11.01"]
[Round "5"]
[White "Aizpurua, Patrick Emilio"]
[Black "Jovic, Stanoje"]
[Result "1-0"]
[WhiteElo "2311"]
[BlackElo "2055"]
[PlyCount "77"]
[EventDate "2022.11.01"]
[EventType "swiss (blitz)"]
[EventRounds "11"]
[EventCountry "USA"]
[SourceTitle "EXT 2024"]
[Source "ChessBase"]
[SourceDate "2023.10.10"]
[SourceVersion "1"]
[SourceVersionDate "2023.10.10"]
[SourceQuality "1"]

1. d4 Nf6 2. c4 e6 3. Nf3 b6 4. g3 Ba6 5. b3 Bb4+ 6. Bd2 Be7 7. Nc3 0-0 8. Bg2 d5 9. cxd5 exd5 10. 0-0 Re8 11. Ne5 c5 12. dxc5 bxc5 13. Bg5 Bb7 14. Rc1 h6 15. Bf4 Bf8 16. Nd3 Nc6 17. Na4 Nd4 18. Be5 Ng4 19. Bxd4 cxd4 20. e3 Ba6 21. exd4 Nf6 22. Nac5 Bxd3 23. Qxd3 a5 24. Rfe1 Qb6 25. Rxe8 Rxe8 26. Na4 Qb4 27. Nc3 Rc8 28. Rc2 g6 29. Nxd5 Qe1+ 30. Bf1 Rxc2 31. Nxf6+ Kg7 32. Nh5+ gxh5 33. Qxc2 Be7 34. Qf5 Bf6 35. d5 Qd2 36. Qxh5 Qxa2 37. Bc4 Qa1+ 38. Kg2 a4 39. d6 1-0

[Event "Titled Tuesday intern op 01st Nov Late"]
[Site "Chess.com INT"]
[Date "2022.11.01"]
[Round "3"]
[White "Aizpurua, Patrick Emilio"]
[Black "Kaplan, Avi Harrison"]
[Result "1-0"]
[WhiteElo "2311"]
[BlackElo "2046"]
[PlyCount "127"]
[EventDate "2022.11.01"]
[EventType "swiss (blitz)"]
[EventRounds "11"]
[EventCountry "USA"]
[SourceTitle "EXT 2024"]
[Source "ChessBase"]
[SourceDate "2023.10.10"]
[SourceVersion "1"]
[SourceVersionDate "2023.10.10"]
[SourceQuality "1"]

1. d4 Nf6 2. c4 c5 3. d5 e6 4. Nc3 exd5 5. cxd5 d6 6. e4 g6 7. Bd3 Bg7 8. Nge2 0-0 9. 0-0 Na6 10. h3 Nc7 11. a4 b6 12. Be3 a6 13. Rb1 Re8 14. b4 Bd7 15. a5 cxb4 16. Rxb4 bxa5 17. Rb1 Rb8 18. Bb6 Qc8 19. Bxa5 Nb5 20. Rc1 Qb7 21. Kh1 Rec8 22. Rb1 Nxc3 23. Bxc3 Qa8 24. Qd2 Bb5 25. Bxb5 axb5 26. f3 Nh5 27. Bxg7 Nxg7 28. Nd4 Nh5 29. Kh2 Qa4 30. Nc6 Rb7 31. Ra1 Qb3 32. Rfb1 Qc4 33. Rb4 Qc5 34. Rc1 Qb6 35. Ne7+ Rxe7 36. Rxc8+ Kg7 37. Qd4+ Qxd4 38. Rxd4 Rb7 39. Rb4 Nf4 40. Rc6 Nd3 41. Rb1 b4 42. Rxd6 b3 43. Rc6 Ne5 44. Rc3 b2 45. f4 Nd7 46. Rc2 Rb4 47. Re2 Nc5 48. Rbxb2 Rxb2 49. Rxb2 Nxe4 50. g3 Kf6 51. Rb6+ Ke7 52. Rb7+ Kf6 53. Kg2 Nc5 54. Rc7 Ne4 55. Kf3 Nd2+ 56. Ke3 Nb3 57. Rc3 Na5 58. Kd4 Nb7 59. Rc6+ Kf5 60. Ke3 h5 61. Kf3 Nd6 62. Rxd6 g5 63. g4+ hxg4+ 64. hxg4# 1-0

[Event "Titled Tuesday intern op 01st Nov Late"]
[Site "Chess.com INT"]
[Date "2022.11.01"]
[Round "10"]
[White "Aizpurua, Patrick Emilio"]
[Black "Leitao, Rafael Duailibe"]
[Result "0-1"]
[WhiteElo "2311"]
[BlackElo "2592"]
[PlyCount "106"]
[EventDate "2022.11.01"]
[EventType "swiss (blitz)"]
[EventRounds "11"]
[EventCountry "USA"]
[SourceTitle "EXT 2024"]
[Source "ChessBase"]
[SourceDate "2023.10.10"]
[SourceVersion "1"]
[SourceVersionDate "2023.10.10"]
[SourceQuality "1"]

1. d4 Nf6 2. c4 e6 3. Nf3 Bb4+ 4. Bd2 c5 5. e3 0-0 6. Bd3 Bxd2+ 7. Qxd2 d6 8. 0-0 Nc6 9. Qc3 b6 10. Nbd2 Bb7 11. a3 a5 12. Rad1 d5 13. dxc5 bxc5 14. cxd5 Nxd5 15. Qxc5 Rc8 16. Nc4 Qf6 17. Qb5 Ba8 18. Qa4 Rfd8 19. Bb1 e5 20. Rxd5 Rxd5 21. Nb6 Nd4 22. Nxc8 Nxf3+ 23. gxf3 Rd8 24. Qg4 Bxf3 25. Ne7+ Kf8 26. Qf5 Kxe7 27. Qxf6+ gxf6 28. h3 Rg8+ 29. Kh2 Rg2+ 30. Kh1 e4 31. h4 f5 32. b4 axb4 33. axb4 Rxf2+ 34. Kg1 Rg2+ 35. Kh1 Kd6 36. b5 Kc5 37. b6 Kxb6 38. h5 h6 39. Bxe4 Rf2+ 40. Bxf3 Rxf1+ 41. Kg2 Re1 42. Kf2 Rc1 43. Kg3 Kc5 44. Kf4 Rf1 45. Kg3 Kd6 46. Be2 Rc1 47. Kf4 Ke6 48. Bd3 Rc5 49. Be2 Kf6 50. Bd3 Ra5 51. Bc2 Rb5 52. Bd3 Rb4+ 53. Kf3 Kg5 0-1

[Event "Titled Tuesday intern op 01st Nov Late"]
[Site "Chess.com INT"]
[Date "2022.11.01"]
[Round "4"]
[White "Beerdsen, Thomas"]
[Black "Aizpurua, Patrick Emilio"]
[Result "1-0"]
[WhiteElo "2520"]
[BlackElo "2311"]
[PlyCount "50"]
[EventDate "2022.11.01"]
[EventType "swiss (blitz)"]
[EventRounds "11"]
[EventCountry "USA"]
[SourceTitle "EXT 2024"]
[Source "ChessBase"]
[SourceDate "2023.10.10"]
[SourceVersion "1"]
[SourceVersionDate "2023.10.10"]
[SourceQuality "1"]

1. g4 d5 2. Bg2 c6 3. c4 dxc4 4. Na3 h5 5. gxh5 Nf6 6. Nxc4 Nxh5 7. d3 Nd7 8. Nf3 Qc7 9. Qc2 Nf4 10. Bxf4 Qxf4 11. e3 Qg4 12. Rg1 Qh5 13. 0-0-0 Nb6 14. Nd4 Bd7 15. Kb1 e6 16. Bf3 Qc5 17. Nb3 Qb5 18. Rxg7 Rxh2 19. Rg8 0-0-0 20. Rxf8 Rxf8 21. Nd6+ Kb8 22. Nxb5 cxb5 23. Nc5 Bc8 24. Qc3 f6 25. Qd4 Rxf2 1-0